000 01508nam a22002897a 4500
001 7662
003 FISKH
005 20250730141205.0
008 250730b cb ||||| |||| 00| 0 eng d
020 _a9780545536363
040 _aFISKH
_beng
_cFISKH
_dFISKH
050 _aE185.K5 J377
082 _a323.092
100 _aJazynka, Kitson
245 _aMartin Luther King, Jr. /
_cBy Kitson Jazynka
250 _aFirst Scholastic printing, January 2013
260 _aNew York :
_bScholastic ,
_c2012.
300 _a48 pages :
_bcolor illstrations ;
_c23 cm .
490 _aNational Geographic Kids
_vLevel 3
505 _aO
520 _aThe most effective method used to influence children to read is to incorporate the information that interests them the most. National Geographic Readers are educational, high-interest, and comprehensive for children. In this title, readers will learn about the fascinating life and legacy civil rights leader Dr. Martin Luther King, Jr. In this level three biography, difficult concepts are made understandable and transitioned into a more approachable manner. This includes the use of sidebars, timetables, diagrams and fun facts to hold the interest of the young reader. The colorful design and educational illustrations round out this text as an exemplary book for their young minds to explore.
521 8 _a630
_bLexile estimate
521 8 _aO
_bRaz-Plus
650 _aCivil rights
_vNon-fiction
942 _2ddc
_cBK
_n0
999 _c7662
_d7662